Proposal of methodology for knowledge management application in innovation processes : dissertation thesis

Salvato in:
Dettagli Bibliografici
Autore principale: Pavlenda, Pavel, 1981- (Autore)
Altri autori: Šujanová, Jana, 1961- (Relatore della tesi)
Natura: Manoscritto Libro
Lingua:inglese
Pubblicazione: Trnava : STU v Bratislave MTF UPMK, 2013
Soggetti:
Accesso online:VAIS
Tags: Aggiungi Tag
Nessun Tag, puoi essere il primo ad aggiungerne!!

MARC

LEADER 00000ntm a22000003a 4500
001 stu273847
005 20150617230239.5
008 130905s2013----xo------------------eng-d
040 |a STU  |b slo 
041 0 |a eng 
044 |a xo 
100 1 |a Pavlenda, Pavel,  |d 1981-  |4 aut  |u M4000  |U MTF Materiálovotechnologická fakulta  |T MTF Ústav priemyselného inžinierstva a manažmentu  |X 4116  |U M4000  |Y 84  |7 A000004116 
242 0 0 |a Návrh metodiky uplatňovania vedomostného manažmentu v inovačných procesoch  |y slo 
245 1 |a Proposal of methodology for knowledge management application in innovation processes :  |b dissertation thesis 
260 |a Trnava :  |b STU v Bratislave MTF UPMK,  |c 2013 
300 |a 115 s 
500 |a Study field: 5.2.52 Industrial Engineering 
500 |a Study field number: 2645 
500 |a Study programme: Industrial Management 
650 7 |a priemyselné manažérstvo  |2 stusub 
650 7 |a Industrial Management  |2 estusub 
650 7 |a knowledge management  |2 estusub 
650 7 |a innovation process  |2 estusub 
650 7 |a innovation  |2 estusub 
650 7 |a vedomostný manažment  |2 stusub 
650 7 |a inovácie  |2 stusub 
700 1 |a Šujanová, Jana,  |d 1961-  |4 ths  |u M4000  |U MTF Materiálovotechnologická fakulta  |T MTF Ústav priemyselného inžinierstva a manažmentu  |X 2306  |U M4000  |Y 84  |7 A000002306 
856 4 |a info a plný text  |u http://is.stuba.sk/zp/portal_zp.pl?podrobnosti=46158  |3 VAIS 
996 |c M*DzP-396  |l MMSKP  |s P  |a 0  |w stu273847_0001